Indian industries: (Record no. 34753)
[ view plain ]
| 000 -LEADER | |
|---|---|
| fixed length control field | 00454nam a22001337a 4500 |
| 008 - FIXED-LENGTH DATA ELEMENTS--GENERAL INFORMATION | |
| fixed length control field | 230525b |||||||| |||| 00| 0 eng d |
| 040 ## - CATALOGING SOURCE | |
| Original cataloging agency | National Science Library |
| Transcribing agency | National Science Library |
| 080 ## - UNIVERSAL DECIMAL CLASSIFICATION NUMBER | |
| Universal Decimal Classification number | R 334.74(540)(058) |
| Item number | M5.1 |
| 245 ## - TITLE STATEMENT | |
| Title | Indian industries: |
| Remainder of title | Reference work & directory of industries in India |
| Statement of responsibility, etc. | / L & T Switchgear |
| 250 ## - EDITION STATEMENT | |
| Edition statement | 17th ed. |
| 260 ## - PUBLICATION, DISTRIBUTION, ETC. | |
| Name of publisher, distributor, etc. | L & T Switchgear, |
| Date of publication, distribution, etc. | 1985 |
| 500 ## - GENERAL NOTE | |
| General note | Vol. 1; 427p.<br/>Vol. 2 |
| 942 ## - ADDED ENTRY ELEMENTS (KOHA) | |
| Source of classification or shelving scheme | Universal Decimal Classification |
| Koha item type | Reference |
| Withdrawn status | Lost status | Source of classification or shelving scheme | Damaged status | Not for loan | Collection | Home library | Current library | Shelving location | Date acquired | Serial Enumeration / chronology | Total Checkouts | Full call number | Barcode | Date last seen | Price effective from | Koha item type |
|---|---|---|---|---|---|---|---|---|---|---|---|---|---|---|---|---|
| Universal Decimal Classification | Reference | National Science Library | National Science Library | GF/RK-25/C-6/R-2 | 25/05/2023 | Vol. 1; 427p | R 334.74(540)(058) M5.1 | 167000 | 25/05/2023 | 25/05/2023 | Reference | |||||
| Universal Decimal Classification | Reference | National Science Library | National Science Library | GF/RK-25/C-6/R-2 | 25/05/2023 | Vol. 2 | R 334.74(540)(058) M5.2 | 167001 | 25/05/2023 | 25/05/2023 | Reference |